[Event "Titled Tuesday 2024.09.24 Late"]
[Site "Chess.com INT"]
[Date "2024.09.24"]
[Round "8"]
[White "Keleberda, Tymur"]
[Black "Malakhov, Vladimir"]
[Result "1-0"]
[WhiteElo "2258"]
[BlackElo "2642"]
[WhiteFideId "-1"]
[BlackFideId "-1"]
[PlyCount "121"]
[GameId "2107989761080728"]
[EventDate "2024.09.24"]
[EventType "swiss (blitz)"]
[EventRounds "11"]
[EventCountry "NET"]
[SourceTitle "EXT 2025"]
[Source "ChessBase"]
[SourceDate "2024.10.14"]
[SourceVersion "1"]
[SourceVersionDate "2024.10.14"]
[SourceQuality "1"]

1. Nf3 d5 2. e3 Nf6 3. b3 Bg4 4. Bb2 e6 5. Be2 Nbd7 6. d4 Bd6 7. O-O O-O 8. h3 Bh5 9. Nbd2 c5 10. c4 cxd4 11. Nxd4 Bg6 12. cxd5 Nxd5 13. Bf3 Ne5 14. Nc4 Nxf3+ 15. Qxf3 Be7 16. Rad1 Qc7 17. e4 Nb4 18. a3 Nc6 19. Nb5 Qb8 20. Rd7 a6 21. Nbd6 Ra7 22. e5 b5 23. Qxc6 bxc4 24. Rxa7 Qxa7 25. Nc8 Qc5 26. Nxe7+ Qxe7 27. bxc4 Rb8 28. Bd4 h6 29. Bc5 Qg5 30. Qf3 Rb2 31. Bd6 Qh4 32. Qg4 Qxg4 33. hxg4 Rb1 34. Rxb1 Bxb1 35. f3 Ba2 36. c5 Bd5 37. Kf2 g5 38. Ke3 Kg7 39. Be7 Kg6 40. Kd4 h5 41. gxh5+ Kxh5 42. g4+ Kg6 43. Ke3 Kh6 44. f4 gxf4+ 45. Kxf4 Kg6 46. Ke3 f5 47. exf6 e5 48. Kd3 Kf7 49. Ke3 Kg6 50. Kf2 Kf7 51. Kg3 Kg6 52. Kh4 Bc6 53. Kg3 Bd5 54. Kh4 Bc6 55. g5 Bd5 56. Bd6 e4 57. Bf4 Bc6 58. Be3 Bd5 59. Kg4 Bc6 60. Kf4 Bb7 61. Ke5 1-0

[Event "Titled Tuesday 2024.09.24 Late"]
[Site "chess.com INT"]
[Date "2024.09.24"]
[Round "2"]
[White "Keleberda, Tymur"]
[Black "Nasta, Kiren Vivek"]
[Result "1-0"]
[WhiteElo "2258"]
[BlackElo "2073"]
[WhiteFideId "-1"]
[BlackFideId "-1"]
[PlyCount "159"]
[GameId "2130307536490502"]
[EventDate "2024.09.24"]
[EventType "swiss (blitz)"]
[EventRounds "11"]
[EventCountry "NET"]
[SourceTitle "The Week in Chess 1560"]
[Source "Mark Crowther"]
[SourceDate "2024.09.30"]
[SourceVersion "1"]
[SourceVersionDate "2024.09.30"]
[SourceQuality "2"]

1. Nf3 Nf6 2. c4 g6 3. d4 Bg7 4. Nc3 d5 5. h4 c6 6. Bf4 O-O 7. e3 Bf5 8. Bd3 Bxd3 9. Qxd3 Nbd7 10. h5 Nxh5 11. Rxh5 gxh5 12. Ng5 Nf6 13. Be5 h6 14. Nf3 Ng4 15. Bg3 dxc4 16. Qxc4 Qa5 17. O-O-O b5 18. Qb3 c5 19. Qxb5 Qxb5 20. Nxb5 cxd4 21. exd4 Rac8+ 22. Kb1 a6 23. Nc3 Rfd8 24. Ne2 e5 25. d5 e4 26. Nh4 e3 27. f3 Nf2 28. Bxf2 exf2 29. Nf5 Re8 30. Nfg3 Rxe2 31. Nxe2 Re8 32. Ng3 Re1 33. Kc2 h4 34. Nf1 Re2+ 35. Kd3 Rxb2 36. Rd2 Rxd2+ 37. Nxd2 Kf8 38. Ke3 Ke7 39. Kxf2 Kd6 40. Ke3 Kxd5 41. Kd3 h5 42. Nc4 Kc5 43. Ne3 Kb4 44. Kc2 a5 45. Nf5 Bf6 46. Nd6 a4 47. Nxf7 a3 48. Kd3 Kc5 49. Nh6 Kd5 50. f4 Bg7 51. Nf5 Bf8 52. Nxh4 Bd6 53. Ng6 Ke6 54. Ke4 Kf6 55. f5 Bg3 56. Nf4 Kg5 57. Ne6+ Kf6 58. Nd4 Be5 59. Nb5 Bb2 60. Nd6 Kg5 61. Nc4 Bc1 62. Ne5 Bb2 63. Nd3 Kg4 64. Nf4 h4 65. Ng6 Kg3 66. Kd5 Kxg2 67. Nxh4+ Kg3 68. Ng6 Kg4 69. Ke6 Kg5 70. Ne5 Kh6 71. f6 Kh7 72. f7 Kg7 73. Nd7 Kh7 74. f8=Q Bg7 75. Qf7 Kh8 76. Nf6 Bxf6 77. Qxf6+ Kg8 78. Qe7 Kh8 79. Kf6 Kg8 80. Qg7# 1-0

[Event "Titled Tuesday 2024.09.24 Late"]
[Site "chess.com INT"]
[Date "2024.09.24"]
[Round "4"]
[White "Keleberda, Tymur"]
[Black "Flynn, Jacob"]
[Result "1-0"]
[WhiteElo "2258"]
[BlackElo "2153"]
[WhiteFideId "-1"]
[BlackFideId "-1"]
[PlyCount "55"]
[GameId "2130307536593050"]
[EventDate "2024.09.24"]
[EventType "swiss (blitz)"]
[EventRounds "11"]
[EventCountry "NET"]
[SourceTitle "The Week in Chess 1560"]
[Source "Mark Crowther"]
[SourceDate "2024.09.30"]
[SourceVersion "1"]
[SourceVersionDate "2024.09.30"]
[SourceQuality "2"]

1. Nf3 d5 2. c4 e6 3. g3 Nf6 4. Bg2 Be7 5. O-O O-O 6. d4 dxc4 7. Qc2 b5 8. a4 b4 9. Nfd2 Nd5 10. Nxc4 c5 11. dxc5 Bxc5 12. e4 Nb6 13. Rd1 Qe7 14. Nbd2 Bb7 15. Nb3 N8d7 16. Nca5 Rab8 17. Nxb7 Rxb7 18. a5 Nc8 19. Rxd7 Rxd7 20. Nxc5 Rc7 21. Be3 Nd6 22. Qb3 Rfc8 23. Na6 Rc4 24. Nxb4 Nxe4 25. Nd3 Nf6 26. Ne5 Rb4 27. Qa3 Qd6 28. Nc6 1-0

[Event "Titled Tuesday 2024.09.24 Late"]
[Site "chess.com INT"]
[Date "2024.09.24"]
[Round "6"]
[White "Keleberda, Tymur"]
[Black "Jian, Alex"]
[Result "1-0"]
[WhiteElo "2258"]
[BlackElo "2031"]
[WhiteFideId "-1"]
[BlackFideId "-1"]
[PlyCount "63"]
[GameId "2130307536601369"]
[EventDate "2024.09.24"]
[EventType "swiss (blitz)"]
[EventRounds "11"]
[EventCountry "NET"]
[SourceTitle "The Week in Chess 1560"]
[Source "Mark Crowther"]
[SourceDate "2024.09.30"]
[SourceVersion "1"]
[SourceVersionDate "2024.09.30"]
[SourceQuality "2"]

1. g3 Nf6 2. Bg2 d5 3. c4 e6 4. d4 dxc4 5. Nf3 a6 6. O-O b5 7. Ne5 Nd5 8. a4 Bb7 9. b3 c3 10. e4 b4 11. exd5 Bxd5 12. Nc4 Bxg2 13. Kxg2 Qd5+ 14. Kg1 Nc6 15. Be3 a5 16. Ra2 Be7 17. Qg4 O-O 18. Rc2 Bf6 19. Rd1 Rfd8 20. Nxc3 bxc3 21. Rxc3 e5 22. Rcd3 exd4 23. Bf4 Qd7 24. Qf3 Nb4 25. R3d2 Nd5 26. Be5 c5 27. Bxf6 gxf6 28. Re1 Qc7 29. Re4 Rab8 30. Rh4 Kf8 31. Rxh7 Qe5 32. Nxe5 1-0

[Event "Titled Tuesday 2024.09.24 Late"]
[Site "chess.com INT"]
[Date "2024.09.24"]
[Round "9"]
[White "Prraneeth, Vuppala"]
[Black "Keleberda, Tymur"]
[Result "1-0"]
[WhiteElo "2448"]
[BlackElo "2258"]
[WhiteFideId "-1"]
[BlackFideId "-1"]
[PlyCount "79"]
[GameId "2130307536605628"]
[EventDate "2024.09.24"]
[EventType "swiss (blitz)"]
[EventRounds "11"]
[EventCountry "NET"]
[SourceTitle "The Week in Chess 1560"]
[Source "Mark Crowther"]
[SourceDate "2024.09.30"]
[SourceVersion "1"]
[SourceVersionDate "2024.09.30"]
[SourceQuality "2"]

1. a3 a6 2. Nf3 Nf6 3. g3 b5 4. Bg2 Bb7 5. O-O e6 6. b3 d6 7. Bb2 Nbd7 8. d3 Be7 9. Nbd2 O-O 10. e4 c5 11. Qe2 Rc8 12. e5 dxe5 13. Nxe5 Bxg2 14. Kxg2 Nxe5 15. Bxe5 Qd5+ 16. Nf3 c4 17. dxc4 bxc4 18. Rfd1 Qc6 19. b4 a5 20. Rab1 axb4 21. axb4 Nd5 22. b5 Qb7 23. Kg1 Rc5 24. b6 Rc6 25. Bd4 Bc5 26. Ne5 Bxd4 27. Nxc6 Qxc6 28. Rxd4 Nc3 29. Qxc4 Qf3 30. Re1 e5 31. Rd7 h5 32. Re3 Qf5 33. Rxc3 Qxd7 34. Qc6 Qxc6 35. Rxc6 Rb8 36. c4 Kf8 37. c5 Ke7 38. Rc7+ Kd8 39. Rxf7 Rc8 40. b7 1-0

[Event "Titled Tuesday 2024.09.24 Late"]
[Site "chess.com INT"]
[Date "2024.09.24"]
[Round "10"]
[White "Keleberda, Tymur"]
[Black "Pyrih, Roman"]
[Result "0-1"]
[WhiteElo "2258"]
[BlackElo "2414"]
[WhiteFideId "-1"]
[BlackFideId "-1"]
[PlyCount "92"]
[GameId "2130307536609757"]
[EventDate "2024.09.24"]
[EventType "swiss (blitz)"]
[EventRounds "11"]
[EventCountry "NET"]
[SourceTitle "The Week in Chess 1560"]
[Source "Mark Crowther"]
[SourceDate "2024.09.30"]
[SourceVersion "1"]
[SourceVersionDate "2024.09.30"]
[SourceQuality "2"]

1. Nf3 d5 2. e3 Nf6 3. b3 g6 4. Bb2 Bg7 5. Be2 O-O 6. O-O b6 7. Qc1 Bb7 8. d3 c5 9. Nbd2 Nc6 10. Ne5 Qc7 11. Nxc6 Bxc6 12. Nf3 Nd7 13. Bxg7 Kxg7 14. c4 e5 15. cxd5 Bxd5 16. Rd1 Rac8 17. Qb2 Qd6 18. d4 cxd4 19. exd4 e4 20. Ne5 f5 21. Ba6 Rc7 22. Rac1 Rxc1 23. Rxc1 Nxe5 24. dxe5 Qe6 25. Rc7+ Kh6 26. Qa3 Rf7 27. Rxf7 Qxf7 28. Qd6 f4 29. Bc8 e3 30. fxe3 fxe3 31. Qf6 Qxf6 32. exf6 Kg5 33. Kf1 Kxf6 34. Ke2 Bxg2 35. Kxe3 Ke5 36. Bg4 Bd5 37. Bd7 Be6 38. Bc6 g5 39. Be4 h5 40. Bg6 h4 41. Be8 g4 42. Bg6 Bd5 43. Bc2 g3 44. hxg3 hxg3 45. a4 g2 46. Kf2 a5 0-1

[Event "Titled Tuesday 2024.09.17 Late"]
[Site "Chess.com INT"]
[Date "2024.09.17"]
[Round "1"]
[White "Playa, Marcelo"]
[Black "Keleberda, Tymur"]
[Result "0-1"]
[WhiteElo "2376"]
[BlackElo "2258"]
[WhiteFideId "-1"]
[BlackFideId "-1"]
[PlyCount "114"]
[GameId "2107989760729414"]
[EventDate "2024.09.17"]
[EventType "swiss (blitz)"]
[EventRounds "11"]
[EventCountry "NET"]
[SourceTitle "EXT 2025"]
[Source "ChessBase"]
[SourceDate "2024.10.14"]
[SourceVersion "1"]
[SourceVersionDate "2024.10.14"]
[SourceQuality "1"]

1. e4 a6 2. d4 e6 3. Nc3 d5 4. e5 c5 5. Be3 cxd4 6. Bxd4 Nc6 7. Nf3 Nge7 8. Qd2 Nf5 9. O-O-O Qc7 10. Re1 Bb4 11. g4 Nfxd4 12. Nxd4 Nxd4 13. Qxd4 Qc5 14. Qxc5 Bxc5 15. f4 b5 16. Bd3 Bb7 17. Rhf1 Bb4 18. a3 Bxc3 19. bxc3 h5 20. f5 hxg4 21. fxe6 fxe6 22. Bg6+ Kd8 23. Rf7 Bc6 24. Rxg7 Rxh2 25. Rf1 Rh8 26. Bf7 Ra7 27. Rxg4 Rf8 28. Rgf4 Re7 29. Bg6 Rxf4 30. Rxf4 Be8 31. Rf6 Bxg6 32. Rxg6 Kc7 33. Kb2 Kb6 34. Kb3 Kc5 35. Rg4 Rc7 36. a4 bxa4+ 37. Kxa4 Rc6 38. Rf4 Rb6 39. Ka5 Rb2 40. Kxa6 Rxc2 41. Rf6 Rxc3 42. Rxe6 d4 43. Re8 Rb3 44. e6 d3 45. e7 Kd6 46. Rd8+ Kxe7 47. Rd4 Ke6 48. Ka5 Ke5 49. Rd8 Ke4 50. Ka4 Rb7 51. Re8+ Kd4 52. Rd8+ Kc3 53. Rc8+ Kd2 54. Ka3 Ke2 55. Re8+ Kd1 56. Ka2 d2 57. Rd8 Re7 0-1

[Event "Titled Tuesday 2024.09.17 Late"]
[Site "Chess.com INT"]
[Date "2024.09.17"]
[Round "2"]
[White "Keleberda, Tymur"]
[Black "Pribelszky, Bence Daniel"]
[Result "0-1"]
[WhiteElo "2258"]
[BlackElo "2408"]
[WhiteFideId "-1"]
[BlackFideId "-1"]
[PlyCount "148"]
[GameId "2107989760737770"]
[EventDate "2024.09.17"]
[EventType "swiss (blitz)"]
[EventRounds "11"]
[EventCountry "NET"]
[SourceTitle "EXT 2025"]
[Source "ChessBase"]
[SourceDate "2024.10.14"]
[SourceVersion "1"]
[SourceVersionDate "2024.10.14"]
[SourceQuality "1"]

1. c4 g6 2. Nf3 Bg7 3. d4 d6 4. Nc3 Nf6 5. g3 O-O 6. Bg2 Nc6 7. d5 Na5 8. Nd2 c5 9. Qc2 a6 10. b3 Bd7 11. Bb2 b5 12. O-O Rb8 13. Rab1 e5 14. dxe6 Bxe6 15. Nce4 Nxe4 16. Bxe4 Bxb2 17. Rxb2 bxc4 18. bxc4 Rxb2 19. Qxb2 Nxc4 20. Nxc4 Bxc4 21. Rd1 Re8 22. Qc2 d5 23. Bxd5 Bxd5 24. Qxc5 Rxe2 25. Rxd5 Re1+ 26. Kg2 Qa8 27. Qd4 Re8 28. Kg1 Re1+ 29. Kg2 Re8 30. Kf1 Qb7 31. a4 h5 32. h4 Kh7 33. Qd3 Re6 34. Rxh5+ Kg7 35. Qd4+ Rf6 36. Rh7+ Kxh7 37. Qxf6 Qh1+ 38. Ke2 Qe4+ 39. Kd2 Qd5+ 40. Kc3 Qc5+ 41. Kb3 Qd5+ 42. Kb4 a5+ 43. Kc3 Qc5+ 44. Kd2 Qb4+ 45. Ke3 Qb3+ 46. Ke2 Qc4+ 47. Kf3 Qd5+ 48. Ke3 Qb3+ 49. Ke4 Qxa4+ 50. Kf3 Qb3+ 51. Kg2 a4 52. g4 a3 53. h5 gxh5 54. g5 a2 55. Qh6+ Kg8 56. g6 a1=Q 57. Qh7+ Kf8 58. Qxh5 Qg7 59. Qc5+ Kg8 60. Qc8+ Qf8 61. Qf5 Qe6 62. gxf7+ Qfxf7 63. Qc2 Qfg6+ 64. Qxg6+ Qxg6+ 65. Kf1 Qf5 66. Ke2 Kf7 67. Ke3 Ke6 68. f4 Kd5 69. Kf3 Kd4 70. Kg3 Ke4 71. Kh4 Qxf4+ 72. Kh3 Qg5 73. Kh2 Kf3 74. Kh1 Qg2# 0-1

[Event "Titled Tuesday 2024.09.17 Late"]
[Site "Chess.com INT"]
[Date "2024.09.17"]
[Round "3"]
[White "Arauz Alonso, Fernando"]
[Black "Keleberda, Tymur"]
[Result "0-1"]
[WhiteElo "2199"]
[BlackElo "2258"]
[WhiteFideId "-1"]
[BlackFideId "-1"]
[PlyCount "55"]
[GameId "2107989760742001"]
[EventDate "2024.09.17"]
[EventType "swiss (blitz)"]
[EventRounds "11"]
[EventCountry "NET"]
[SourceTitle "EXT 2025"]
[Source "ChessBase"]
[SourceDate "2024.10.14"]
[SourceVersion "1"]
[SourceVersionDate "2024.10.14"]
[SourceQuality "1"]

1. Nf3 Nf6 2. c4 b6 3. Nc3 e6 4. e4 d5 5. e5 d4 6. exf6 dxc3 7. bxc3 Qxf6 8. d4 Qd8 9. Bd3 Bb7 10. O-O Be7 11. Qe2 O-O 12. Bf4 Nd7 13. Rad1 Nf6 14. Rfe1 Rc8 15. Ne5 Qe8 16. Ng4 Qc6 17. Nxf6+ Bxf6 18. f3 Qa4 19. Bc2 Qa3 20. Qd3 g6 21. Be5 Bxe5 22. Rxe5 Rfd8 23. Qe3 Qxa2 24. Bd3 Qa3 25. Be4 Bxe4 26. Rxe4 Qb3 27. h4 Qxd1+ 28. Kh2 0-1

[Event "Titled Tuesday 2024.09.17 Late"]
[Site "Chess.com INT"]
[Date "2024.09.17"]
[Round "5"]
[White "Carlsen, Magnus"]
[Black "Keleberda, Tymur"]
[Result "1-0"]
[WhiteElo "2832"]
[BlackElo "2258"]
[WhiteFideId "-1"]
[BlackFideId "-1"]
[PlyCount "103"]
[GameId "2107989760758814"]
[EventDate "2024.09.17"]
[EventType "swiss (blitz)"]
[EventRounds "11"]
[EventCountry "NET"]
[SourceTitle "EXT 2025"]
[Source "ChessBase"]
[SourceDate "2024.10.14"]
[SourceVersion "1"]
[SourceVersionDate "2024.10.14"]
[SourceQuality "1"]

1. c4 Nf6 2. Nc3 c5 3. g3 d5 4. cxd5 Nxd5 5. Bg2 Nc7 6. b3 e5 7. Bb2 Be7 8. Nh3 Nc6 9. f4 Bxh3 10. Bxh3 exf4 11. gxf4 Bh4+ 12. Kf1 Nd5 13. e3 Bf6 14. Qf3 Nxc3 15. dxc3 Qd3+ 16. Qe2 Rd8 17. Qxd3 Rxd3 18. Ke2 Rd8 19. Rad1 O-O 20. Bg2 Na5 21. Ba3 b6 22. c4 Rfe8 23. Rxd8 Rxd8 24. Rd1 Rxd1 25. Kxd1 Kf8 26. Bd5 Ke7 27. Bc1 Ba1 28. Kc2 g6 29. a3 Kd6 30. Bxf7 Nc6 31. Bd5 Bf6 32. Kd3 Ne7 33. e4 Nxd5 34. e5+ Kd7 35. cxd5 Bh4 36. a4 Bf2 37. Be3 Bxe3 38. Kxe3 a6 39. Ke4 b5 40. axb5 axb5 41. h4 Ke7 42. f5 gxf5+ 43. Kxf5 Kd7 44. e6+ Kd6 45. Kf6 c4 46. bxc4 bxc4 47. e7 Kxd5 48. e8=Q Kd4 49. Qe5+ Kd3 50. Qf5+ Ke3 51. Qxh7 c3 52. Qc2 1-0

[Event "Titled Tuesday 2024.09.17 Late"]
[Site "Chess.com INT"]
[Date "2024.09.17"]
[Round "6"]
[White "Keleberda, Tymur"]
[Black "Sroczynski, Maciej"]
[Result "1-0"]
[WhiteElo "2258"]
[BlackElo "2255"]
[WhiteFideId "-1"]
[BlackFideId "-1"]
[PlyCount "99"]
[GameId "2107989760771331"]
[EventDate "2024.09.17"]
[EventType "swiss (blitz)"]
[EventRounds "11"]
[EventCountry "NET"]
[SourceTitle "EXT 2025"]
[Source "ChessBase"]
[SourceDate "2024.10.14"]
[SourceVersion "1"]
[SourceVersionDate "2024.10.14"]
[SourceQuality "1"]

1. Nf3 c5 2. e3 g6 3. d4 Bg7 4. b3 Nf6 5. Bb2 O-O 6. Be2 Ne4 7. O-O d5 8. Nbd2 Nc6 9. Qc1 Bf5 10. dxc5 Nc3 11. Re1 Qa5 12. Nb1 Qxc5 13. Nxc3 Bxc3 14. Rd1 Rfd8 15. Bd3 Bg4 16. Bxc3 Qxc3 17. Qd2 Qf6 18. Be2 e5 19. h3 Bf5 20. Rac1 Rac8 21. c3 Rd7 22. Qb2 Rcd8 23. Qa3 Kg7 24. Qc5 Qd6 25. Qxd6 Rxd6 26. Bb5 f6 27. Ne1 a6 28. Be2 b5 29. g4 Be6 30. Nd3 Bc8 31. Nc5 Kf7 32. c4 bxc4 33. bxc4 d4 34. Bf3 Ne7 35. Ne4 R6d7 36. exd4 Rxd4 37. Re1 Bb7 38. c5 Bxe4 39. Bxe4 Rc8 40. Re2 f5 41. gxf5 gxf5 42. Bg2 e4 43. Rb2 Rc6 44. Rb6 Kf6 45. Bf1 Ra4 46. Rc2 Ke5 47. Rb7 Nd5 48. Rxh7 Ra5 49. h4 Rb5 50. Bxb5 1-0

[Event "Titled Tuesday 2024.09.17 Late"]
[Site "Chess.com INT"]
[Date "2024.09.17"]
[Round "7"]
[White "Abrashkin, Boris Vladimirovich"]
[Black "Keleberda, Tymur"]
[Result "0-1"]
[WhiteElo "2407"]
[BlackElo "2258"]
[WhiteFideId "-1"]
[BlackFideId "-1"]
[PlyCount "72"]
[GameId "2107989760775536"]
[EventDate "2024.09.17"]
[EventType "swiss (blitz)"]
[EventRounds "11"]
[EventCountry "NET"]
[SourceTitle "EXT 2025"]
[Source "ChessBase"]
[SourceDate "2024.10.14"]
[SourceVersion "1"]
[SourceVersionDate "2024.10.14"]
[SourceQuality "1"]

1. d4 a6 2. e4 e6 3. c3 d5 4. e5 c5 5. Nf3 Nc6 6. Be2 Bd7 7. O-O Rc8 8. a3 cxd4 9. cxd4 Na5 10. Be3 Ne7 11. Nbd2 Nc4 12. Nxc4 dxc4 13. Ng5 Nd5 14. Bh5 g6 15. Qf3 Qe7 16. Ne4 Kd8 17. Bg5 gxh5 18. Bxe7+ Bxe7 19. Qxf7 Kc7 20. Nc5 Bxc5 21. dxc5 Rcf8 22. Qxh5 Nf4 23. Qd1 Bc6 24. Qd6+ Kc8 25. f3 Rhg8 26. Rf2 Rd8 27. Qe7 Nh3+ 28. Kf1 Nxf2 29. Kxf2 Rd2+ 30. Ke1 Rgxg2 31. Qxe6+ Kb8 32. Qxc4 Rxb2 33. Kf1 Rxh2 34. Kg1 Bxf3 35. Qg8+ Ka7 36. e6 Rh1# 0-1

[Event "Titled Tuesday 2024.09.17 Late"]
[Site "Chess.com INT"]
[Date "2024.09.17"]
[Round "9"]
[White "Keleberda, Tymur"]
[Black "Yagupov, Igor"]
[Result "1-0"]
[WhiteElo "2258"]
[BlackElo "2239"]
[WhiteFideId "-1"]
[BlackFideId "-1"]
[PlyCount "75"]
[GameId "2107989760792307"]
[EventDate "2024.09.17"]
[EventType "swiss (blitz)"]
[EventRounds "11"]
[EventCountry "NET"]
[SourceTitle "EXT 2025"]
[Source "ChessBase"]
[SourceDate "2024.10.14"]
[SourceVersion "1"]
[SourceVersionDate "2024.10.14"]
[SourceQuality "1"]

1. Nf3 d5 2. e3 Nf6 3. b3 Bg4 4. Be2 Nbd7 5. Bb2 e6 6. d3 h6 7. Nbd2 c6 8. O-O Bd6 9. e4 Qc7 10. h3 Bxf3 11. Bxf3 dxe4 12. dxe4 Be5 13. Qc1 O-O-O 14. Nc4 Bxb2 15. Qxb2 e5 16. a4 Rhe8 17. b4 Nf8 18. Rfb1 Ne6 19. c3 Ng5 20. Qe2 g6 21. b5 cxb5 22. axb5 b6 23. Ra4 Re7 24. Na5 bxa5 25. Rc4 Nxf3+ 26. gxf3 Rd6 27. Rxc7+ Rxc7 28. Qe3 Nd7 29. Qxh6 Rxc3 30. Qh7 Rf6 31. Qg8+ Kc7 32. Rd1 Rcxf3 33. Qe8 Nb6 34. Qe7+ Kb8 35. Rd8+ Nc8 36. Qxe5+ Kb7 37. Qd5+ Kc7 38. Rd7+ 1-0

[Event "Titled Tuesday 2024.09.17 Late"]
[Site "Chess.com INT"]
[Date "2024.09.17"]
[Round "11"]
[White "Keleberda, Tymur"]
[Black "Alekseev, Evgeny V"]
[Result "0-1"]
[WhiteElo "2258"]
[BlackElo "2537"]
[WhiteFideId "-1"]
[BlackFideId "-1"]
[PlyCount "70"]
[GameId "2107989760804871"]
[EventDate "2024.09.17"]
[EventType "swiss (blitz)"]
[EventRounds "11"]
[EventCountry "NET"]
[SourceTitle "EXT 2025"]
[Source "ChessBase"]
[SourceDate "2024.10.14"]
[SourceVersion "1"]
[SourceVersionDate "2024.10.14"]
[SourceQuality "1"]

1. d4 d5 2. c4 e6 3. Nf3 Nf6 4. cxd5 exd5 5. Nc3 Bb4 6. Bg5 Nbd7 7. e3 h6 8. Bh4 g5 9. Bg3 Ne4 10. Qc2 h5 11. Bd3 h4 12. Bxe4 dxe4 13. Qxe4+ Kf8 14. Be5 Bxc3+ 15. bxc3 f6 16. Nxg5 Nxe5 17. Nh7+ Kg7 18. Nxf6 Qxf6 19. dxe5 Qg6 20. Qxg6+ Kxg6 21. e4 Rf8 22. g3 Rf3 23. Ke2 Rxc3 24. f3 Be6 25. Rhc1 Rxc1 26. Rxc1 Bxa2 27. Rxc7 a5 28. f4 a4 29. f5+ Kh6 30. e6 a3 31. Ke3 Bxe6 32. Kf4 Bxf5 33. exf5 a2 34. g4 Ra4+ 35. Ke5 a1=Q+ 0-1

[Event "Titled Tuesday 2024.09.17 Late"]
[Site "chess.com INT"]
[Date "2024.09.17"]
[Round "4"]
[White "Keleberda, Tymur"]
[Black "Matlak, Oleksandr"]
[Result "1-0"]
[WhiteElo "2258"]
[BlackElo "2235"]
[WhiteFideId "-1"]
[BlackFideId "-1"]
[PlyCount "101"]
[GameId "2130307536701927"]
[EventDate "2024.09.17"]
[EventType "swiss (blitz)"]
[EventRounds "11"]
[EventCountry "NET"]
[SourceTitle "The Week in Chess 1559"]
[Source "Mark Crowther"]
[SourceDate "2024.09.23"]
[SourceVersion "1"]
[SourceVersionDate "2024.09.23"]
[SourceQuality "2"]

1. e3 Nf6 2. Nf3 g6 3. b3 Bg7 4. Bb2 O-O 5. Be2 c5 6. O-O Nc6 7. Qc1 Rb8 8. Rd1 b5 9. d4 cxd4 10. Nxd4 Nxd4 11. Bxd4 Qc7 12. Qb2 d6 13. a4 b4 14. a5 Bb7 15. Nd2 Bc6 16. a6 Ne8 17. Bxg7 Nxg7 18. Nf3 Ne6 19. Nd4 Nxd4 20. Rxd4 Bb5 21. Bxb5 Rxb5 22. Rc4 Qb6 23. Qd4 Qxd4 24. exd4 Ra8 25. Kf1 Kf8 26. Ra4 Rb6 27. Rcxb4 Rab8 28. Rxb6 Rxb6 29. Ke2 Ke8 30. Kd3 Kd7 31. d5 Kc7 32. b4 Rb8 33. c4 Kb6 34. Kd4 Rc8 35. Ra3 Rc7 36. Rf3 e5+ 37. dxe6 fxe6 38. b5 e5+ 39. Kd3 e4+ 40. Kxe4 Rxc4+ 41. Kd5 Rc5+ 42. Kxd6 Rxb5 43. Rf7 Kxa6 44. Rxh7 Kb6 45. Rh8 Rf5 46. Rb8+ Ka5 47. f3 Ka4 48. Rg8 g5 49. Ke6 Rb5 50. g3 a5 51. f4 1-0

[Event "Titled Tuesday 2024.09.17 Late"]
[Site "chess.com INT"]
[Date "2024.09.17"]
[Round "8"]
[White "Keleberda, Tymur"]
[Black "Maksimovic, Bojan"]
[Result "0-1"]
[WhiteElo "2258"]
[BlackElo "2503"]
[WhiteFideId "-1"]
[BlackFideId "-1"]
[PlyCount "328"]
[GameId "2130307536710328"]
[EventDate "2024.09.17"]
[EventType "swiss (blitz)"]
[EventRounds "11"]
[EventCountry "NET"]
[SourceTitle "The Week in Chess 1559"]
[Source "Mark Crowther"]
[SourceDate "2024.09.23"]
[SourceVersion "1"]
[SourceVersionDate "2024.09.23"]
[SourceQuality "2"]

1. a3 Nf6 2. e3 g6 3. g3 Bg7 4. Bg2 O-O 5. Ne2 e5 6. Nbc3 d5 7. d4 e4 8. O-O Re8 9. f3 exf3 10. Bxf3 Bf5 11. Nf4 c6 12. Bd2 Nbd7 13. Rc1 h5 14. Nd3 Ne4 15. Ne2 Ndf6 16. Be1 Bh6 17. Nef4 Ng4 18. Qe2 Nxe3 19. Qxe3 Nxg3 20. Qxe8+ Qxe8 21. Bxg3 Bxd3 22. cxd3 Qe3+ 23. Kh1 Bxf4 24. Rce1 Qxd4 25. Bxf4 Qxf4 26. Bxd5 Qxf1+ 27. Rxf1 cxd5 28. Rc1 Re8 29. Rc5 Re2 30. b4 Ra2 31. Rxd5 Rxa3 32. Kg2 Ra2+ 33. Kg3 Rb2 34. b5 Kg7 35. h4 Kf6 36. d4 Ke6 37. Re5+ Kd6 38. Kf3 f6 39. Re8 Rxb5 40. Rg8 g5 41. Rg6 Ke6 42. hxg5 Rxg5 43. Rh6 a5 44. Rh7 b5 45. Ra7 a4 46. Ke4 Rg4+ 47. Kd3 h4 48. Rb7 Rg3+ 49. Ke4 f5+ 50. Kf4 Rg4+ 51. Ke3 h3 52. Rxb5 h2 53. Rb6+ Kd5 54. Rh6 Re4+ 55. Kf3 Kxd4 56. Rxh2 Kc3 57. Rh6 a3 58. Rc6+ Kb3 59. Rb6+ Rb4 60. Re6 a2 61. Re3+ Kb2 62. Re2+ Ka3 63. Re1 Rb1 64. Re8 a1=Q 65. Ra8+ Kb4 66. Rb8+ Kc5 67. Rc8+ Kd6 68. Rd8+ Ke7 69. Rd2 Rb3+ 70. Kg2 Qg7+ 71. Kf1 Rf3+ 72. Rf2 Qa1+ 73. Kg2 Rxf2+ 74. Kxf2 Qc3 75. Ke2 Ke6 76. Kf2 Kf6 77. Ke2 Kg6 78. Kf2 Kh6 79. Kg2 Kh7 80. Kh2 Kg7 81. Kg2 Kg8 82. Kf2 Kf8 83. Ke2 Kf7 84. Kf2 Ke7 85. Kg2 Ke8 86. Kf2 Kd8 87. Ke2 Kd7 88. Kf2 Kc7 89. Ke2 Kc8 90. Kf2 Kb8 91. Ke2 Kb7 92. Kf2 Ka7 93. Ke2 Ka6 94. Kf2 Kb6 95. Kg2 Kb5 96. Kh2 Ka5 97. Kg2 Ka4 98. Kf2 Kb4 99. Ke2 Kb3 100. Kf2 Ka3 101. Kf1 Ka2 102. Kg2 Kb2 103. Kg1 Kb1 104. Kh1 Ka1 105. Kh2 f4 106. Kg2 Kb1 107. Kf2 Kb2 108. Ke2 Ka2 109. Kf1 Ka3 110. Kf2 Kb3 111. Kg2 Kb4 112. Kh2 Ka4 113. Kh1 Ka5 114. Kg1 Kb5 115. Kf1 Kc5 116. Ke2 Kd5 117. Kf2 Ke4 118. Kg2 Kf5 119. Kf1 Kg4 120. Kf2 Qe3+ 121. Kf1 Qd2 122. Kg1 f3 123. Kh1 Kg5 124. Kg1 Kf5 125. Kf1 Kf6 126. Kg1 Ke6 127. Kh1 Kd6 128. Kg1 Kd5 129. Kf1 Kc5 130. Kg1 Kc4 131. Kf1 Kb4 132. Kg1 Kb3 133. Kf1 Ka3 134. Kg1 Ka4 135. Kf1 Ka5 136. Kg1 Kb5 137. Kf1 Kb6 138. Kg1 Ka6 139. Kf1 Ka7 140. Kg1 Ka8 141. Kf1 Kb8 142. Kg1 Kb7 143. Kf1 Kc7 144. Kg1 Kc6 145. Kf1 Kd7 146. Kg1 Kc8 147. Kf1 Kd8 148. Kg1 Ke8 149. Kf1 Ke7 150. Kg1 Kf8 151. Kf1 Kf7 152. Kg1 Kg7 153. Kf1 Kg8 154. Kg1 Kh8 155. Kf1 Kh7 156. Kg1 Kh6 157. Kf1 Kh5 158. Kg1 Kh4 159. Kf1 Kg4 160. Kg1 Kf4 161. Kh1 Ke4 162. Kg1 Kd3 163. Kf1 Kc2 164. Kg1 Qg2# 0-1